000 00670nam a2200205Ii 4500
003 JO-AjNU
008 230606s9999||||xx |||||||||||||| ||und||
017 _a1994/11/1207
040 _aJO-AjNU
_beng
_erda
_cJO-AjNU
041 _aeng
050 1 4 _aJX178.1994
100 3 _aMUSTAFA ، MOHAMMAD K,
_eauthor
_92672
245 0 0 _aJORDAN AND KOREA IN THEIR RESPECTIVE REGIONAL CONTEXTS
264 3 1 _aAMMAN : THE CENTER FOR STRATEGIC STUDIES ، 1994
300 _a223p
336 _atext
_btxt
_2rdacontent
337 _aunmediated
_bn
_2rdamedia
338 _avolume
_bnc
_2rdacarrier
650 4 _aInternational Relations - Korea - International Relations - Jordan
_92673
999 _aE1396
_c1396
_d1396